000 00300nam a2200133Ia 4500
005 20251222144657.0
008 251222s9999||||xx |||||||||||||| ||spa||
082 _a985/P78
100 _aPotocarrero, Gonzalo
245 0 _aLos Nuevos LimeƱos
250 _a1ra.ed.
264 _bTafos
942 _cLIB
999 _c17305
_d17305